000 00727nam a2200217Ii 4500
003 JO-AjNU
008 230605s9999||||xx |||||||||||||| ||und||
017 _a1993/10531
020 _a977-01-3513-3
040 _aJO-AjNU
_bara
_erda
_cJO-AjNU
041 _aara
050 1 4 _aTN410.R5936 1994
100 3 _aجاد ،رياض خليل ,
_eauthor
_914064
245 0 0 _aالمعادن الثمينة استخراج عيناتها وتقدير عياراتها ودمغاتها
264 3 1 _aالقاهرة:الهيئه المصريه، 1994
300 _a214ص
336 _atext
_btxt
_2rdacontent
337 _aunmediated
_bn
_2rdamedia
338 _avolume
_bnc
_2rdacarrier
650 4 _aالمعادن الثمينه
_914065
999 _aA3661
_c7229
_d7229